Ak máte dôvod, zamestnancov pochváľte
Problematika ľudských zdrojov v obchode. Trendy v oblasti vyhľadávania ľudských zdrojov. Trendy v odmeňovaní.
Salvato in:
| Autore principale: | |
|---|---|
| Natura: | Capitolo di libro |
| Lingua: | slovacco |
| Soggetti: | |
| Tags: |
Nessun Tag, puoi essere il primo ad aggiungerne!!
|
MARC
| LEADER | 00000naa a2200000 4500 | ||
|---|---|---|---|
| 001 | 0121751 | ||
| 005 | 20231128094840.6 | ||
| 041 | 0 | |a slo | |
| 044 | |a SK | ||
| 245 | 1 | 0 | |a Ak máte dôvod, zamestnancov pochváľte |c Daniel Košťál |
| 520 | |a Problematika ľudských zdrojov v obchode. Trendy v oblasti vyhľadávania ľudských zdrojov. Trendy v odmeňovaní. | ||
| 610 | 2 | 0 | |a obchod |
| 610 | 2 | 0 | |a zdroje ľudské |
| 610 | 2 | 0 | |a odmeňovanie |
| 100 | 1 | |a Košťál, Daniel | |